THE ULTIMATE PUBG QUIZ! - Statistics

General Stats
  • This quiz has been taken 1,255 times
  • The average score is 6 of 15
Answer Stats
Question Answer % Correct
Which is better: M24 or Kar 98? M24
97%
Is it possible to get to the spawn island in Miramar? Yes
73%
Is PUBG better than Fortnite? Yes
73%
What was the most popular spot to land in season 1 of PUBG mobile? Pochinki
57%
What is the best AR in PUBG? Groza
53%
What is the fastest vehicle in the game? Motorcycle
44%
Which SMG has the lowest hit damage? Uzi
42%
Which of the three maps has the most vehicle spawns? Erangel
41%
Which pistol is automatic? P18C
35%
Which shotgun has the least amount of pellets per shot? Sawed-off
23%
What is the official name of the level 3 helmet? Spetsnaz
17%
Which AR is in PUBG on PC that isn't on mobile? QBZ
14%
What gun was recently added to PUBG on PC that has not been added to mobile? SLR
7%
What town in Miramar has the same name as a car? Impala
6%
Which scope has adjustable zoom? 8x CQBSS
2%
No matching quizzes found
Score Distribution
Percent of People with Each Score
Percentile by Number Answered
Your Score History
You have not taken this quiz